Eastern Utah Libraries Catalog: Duchesne, Heber, Roosevelt, & Vernal

Make way for ducklings / (Record no. 25782)

MARC details
000 -LEADER
fixed length control field 01363cam a2200421 i 4500
003 - CONTROL NUMBER IDENTIFIER
control field OCoLC
005 - DATE AND TIME OF LATEST TRANSACTION
control field 20241220112726.0
008 - FIXED-LENGTH DATA ELEMENTS--GENERAL INFORMATION
fixed length control field 780406s1969 nyua j 000 1 eng d
001 - CONTROL NUMBER
control field 3785604
010 ## - LIBRARY OF CONGRESS CONTROL NUMBER
Canceled/invalid LC control number 41051868
019 ## -
-- 4062203
-- 9205315
-- 9950930
-- 14015905
-- 19575292
020 ## - INTERNATIONAL STANDARD BOOK NUMBER
International Standard Book Number 0670451495 (rnf. bdg.)
035 ## - SYSTEM CONTROL NUMBER
System control number (Sirsi) i9780670451494
040 ## - CATALOGING SOURCE
Original cataloging agency MFM
Transcribing agency MFM
Modifying agency OCL
-- MOS
-- NOE
-- IAO
-- TCA
-- NHP
049 ## - LOCAL HOLDINGS (OCLC)
Holding library NHPM,NHP8
099 ## - LOCAL FREE-TEXT CALL NUMBER (OCLC)
Classification number E MCCLOSKEY
082 ## - DEWEY DECIMAL CLASSIFICATION NUMBER
Classification number MCCLOSKEY
092 ## - LOCALLY ASSIGNED DEWEY CALL NUMBER (OCLC)
Classification number MCCLOSKEY
100 1# - MAIN ENTRY--PERSONAL NAME
Personal name McCloskey, Robert,
Dates associated with a name 1914-2003.
9 (RLIN) 16581
245 10 - TITLE STATEMENT
Title Make way for ducklings /
Statement of responsibility, etc by Robert McCloskey.
260 ## - PUBLICATION, DISTRIBUTION, ETC. (IMPRINT)
Place of publication, distribution, etc New York :
Name of publisher, distributor, etc The Viking press,
Date of publication, distribution, etc c1969, 1941.
300 ## - PHYSICAL DESCRIPTION
Extent [67] p. :
Other physical details illus. ;
Dimensions 31 x 24 cm.
500 ## - GENERAL NOTE
General note Caldecott medal, 1943.
500 ## - GENERAL NOTE
General note Illustrated lining-papers.
500 ## - GENERAL NOTE
General note "First published August 1941."
520 ## - SUMMARY, ETC.
Summary, etc Mr. and Mrs. Mallard proudly return to their home in the Boston Public Garden with their eight offspring.
590 ## - LOCAL NOTE (RLIN)
Local note 1500
650 #0 - SUBJECT ADDED ENTRY--TOPICAL TERM
Topical term or geographic name as entry element Picture books for children.
9 (RLIN) 6125440
650 #0 - SUBJECT ADDED ENTRY--TOPICAL TERM
Topical term or geographic name as entry element Ducks
Form subdivision Fiction.
9 (RLIN) 5674958
650 #0 - SUBJECT ADDED ENTRY--TOPICAL TERM
Topical term or geographic name as entry element Caldecott Medal.
9 (RLIN) 6125441
651 #0 - SUBJECT ADDED ENTRY--GEOGRAPHIC NAME
Geographic name Boston (Mass.)
Form subdivision Fiction.
9 (RLIN) 5674529
898 ## - LOCAL SERIES ADDED ENTRY--MEETING NAME (RLIN)
Meeting name or jurisdiction name as entry element Juvenile
-- Juvenile
910 ## - USER-OPTION DATA (OCLC)
User-option data CARL0001114762
940 ## - EQUIVALENCE OR CROSS-REFERENCE--UNIFORM TITLE [OBSOLETE] [CAN/MARC only]
Uniform title <a href="E MCCLOSKEY">E MCCLOSKEY</a>
Language of a work fh
-- dm
-- 099
942 ## - ADDED ENTRY ELEMENTS (KOHA)
Koha item type BOOK
979 ## -
-- 392352
998 ## - LOCAL CONTROL INFORMATION (RLIN)
-- a53383
Holdings
Withdrawn status Lost status Source of classification or shelving scheme Damaged status Not for loan Collection code Home library Current library Shelving location Date acquired Source of acquisition Total Checkouts Total Renewals Full call number Barcode Checked out Date last seen Date checked out Cost, replacement price Price effective from Koha item type
    Dewey Decimal Classification     Children Caldecott Award Wasatch County Library Wasatch County Library Main Floor Childrens Area 06/09/2021 Donation 32 31 E McCloskey 34301001816323 04/25/2026 02/24/2026 02/24/2026 15.99 06/09/2021 BOOK
This project was made possible through a grant from the Institute of Museum and Library Service administered by the Utah State Library Division.

Wasatch County Library

  • 465 East 1200 South, Heber City, Utah 84032
  • Phone 435-654-1511 | Fax 435-654-6456

Hours

  • Monday - Friday 9:30 AM - 8:00 PM
  • Saturday 9:30 AM - 1:30 PM
  • Closed Sundays and Holidays